| 000 | 01211nam a2200337 i 4500 | ||
|---|---|---|---|
| 001 | 000006225 | ||
| 003 | DO-SdBNP | ||
| 005 | 20260303102125.0 | ||
| 007 | ta | ||
| 008 | 090827s1940 dr r 000 0 spa d | ||
| 040 |
_aDO-SdBNP _bspa _cBNPHU _erda |
||
| 041 | _aspa | ||
| 082 | 4 |
_a364 _bB517c _222 |
|
| 100 | 1 |
_aBernaldo de Quirós y Pérez, Constancio, _d1873- _eautor _4aut. _917404 |
|
| 245 | 1 | 0 |
_aCursillo de criminología y derecho penal / _cConstancio Bernaldo de Quirós y Pérez |
| 264 | 1 |
_aCiudad Trujillo, República Dominicana : _bMontalvo, _c1940. |
|
| 300 |
_ax, 273 páginas ; _c24 cm. |
||
| 336 |
_atexto _btxt _2rdacontent |
||
| 337 |
_asin mediación _bn _2rdamedia |
||
| 338 |
_avolumen _bnc _2rdacarrier |
||
| 490 | 1 |
_aPublicaciones de la Universidad de Santo Domingo _v7 |
|
| 590 | _aInventariado, 2018/BT | ||
| 650 | 7 |
_aCriminología _zRepública Dominicana _2LIBRUNAM _917089 |
|
| 650 | 4 |
_aDerecho penal _917405 |
|
| 650 | 4 |
_aDerecho penal _xHistoria _917405 |
|
| 650 | 4 |
_a Delincuentes _917407 |
|
| 650 | 4 |
_aDelincuentes con discapacidades mentales _917408 |
|
| 710 | 1 |
_aUniversidad Autónoma de Santo Domingo _972951 |
|
| 910 | _aValidado. Control de calidad. MFF | ||
| 942 |
_2ddc _cLBS1 |
||
| 999 |
_c6020 _d6020 |
||